[Event "Let's Play Chess!"]
[Site "http://www.queenalice.com/game.php?id=1530406"]
[Date "2018.6.9"]
[Round "-"]
[White "Denker"]
[Black "DrHanibalChesster"]
[Result "0-1"]
[WhiteElo "1577"]
[BlackElo "1647"]

1. e4 c5 2. Nf3 d6 3. d4 cxd4 4. Nxd4 Nf6 5. Nc3 a6 6. Bc4 g6 7. O-O Bg7 8. f4
Qb6 9. b3 Nxe4 10. Nxe4 Qxd4+ 11. Qxd4 Bxd4+ 0-1

[Event "Let's Play Chess!"]
[Site "http://www.queenalice.com/game.php?id=1534594"]
[Date "2018.7.13"]
[Round "-"]
[White "beginat63"]
[Black "Denker"]
[Result "0-1"]
[WhiteElo "1687"]
[BlackElo "1590"]

1. e4 c5 2. c3 d6 3. d4 cxd4 4. Bc4 dxc3 5. Nxc3 g6 6. Nf3 Bg7 7. Bg5 Qa5 8. Qd2
Nc6 9. O-O f6 10. Bf4 e5 11. Be3 Nge7 12. Qxd6 a6 13. Bd2 Qd8 14. Qxd8+ Nxd8 15.
Rad1 b5 16. Bb3 Be6 17. Ne1 O-O 18. Nd5 Nxd5 19. exd5 Bf7 20. Bb4 Re8 21. d6
Bxb3 22. axb3 a5 23. d7 Re6 24. Bc5 Bf8 25. Bb6 Rxb6 26. Nc2 Ra7 27. f4 Rbb7 28.
fxe5 fxe5 29. Na3 Bxa3 30. bxa3 Rxd7 31. Rfe1 Nf7 32. Kf2 Rd4 33. Ke2 Rxd1 34.
Rxd1 a4 35. b4 Kg7 36. Rd5 Rb7 37. Ke3 h5 38. g3 Kf6 39. h4 Ke6 40. Ke4 g5 41.
Rd1 gxh4 42. gxh4 Nd6+ 43. Ke3 Nf5+ 44. Kf3 Nxh4+ 45. Ke4 Rf7 46. Rd5 Rf4+ 0-1

[Event "Let's Play D-21"]
[Site "http://www.queenalice.com/game.php?id=1534649"]
[Date "2018.7.13"]
[Round "-"]
[White "Rider"]
[Black "Denker"]
[Result "1-0"]
[WhiteElo "1597"]
[BlackElo "1606"]

1. e4 c5 2. e5 Nc6 3. c4 d5 4. cxd5 Nxe5 5. Bb5+ Bd7 6. Bxd7+ Qxd7 7. Nc3 Nf6 8.
Qe2 Ng6 9. Qf3 Ne5 10. Qg3 Ng6 11. a4 O-O-O 12. Nb5 b6 13. d4 a6 14. Nc3 cxd4
15. Nce2 Qxd5 16. Qd3 e5 17. Qxa6+ Qb7 18. Qc4+ Qc7 19. Qd3 e4 20. Qa6+ Qb7 21.
Qxb7+ Kxb7 22. Bd2 d3 23. Nc3 Bb4 24. Nb5 Bxd2+ 25. Kxd2 Rhe8 26. Rc1 Rd7 27.
Nh3 Ng4 28. Rc4 f5 29. Re1 N6e5 30. Rc3 Ka6 31. b3 Ng6 32. Nc7+ Kb7 33. Nb5 Nh4
34. Rec1 Nxh2 35. g3 Ng2 36. Rc7+ Rxc7 37. Rxc7+ Ka6 38. Ra7# 1-0

[Event "Let's Play Chess!"]
[Site "http://www.queenalice.com/game.php?id=1534659"]
[Date "2018.7.14"]
[Round "-"]
[White "Denker"]
[Black "korchnoi"]
[Result "0-1"]
[WhiteElo "1577"]
[BlackElo "1759"]

1. e4 e5 2. Nf3 d6 3. Nc3 Nf6 4. d4 exd4 5. Nxd4 Be7 6. Bc4 O-O 7. O-O Bd7 8.
Re1 c5 9. Nf3 Nc6 10. e5 dxe5 11. Nxe5 Nxe5 12. Rxe5 Re8 13. Qe1 Bc6 14. Bg5 Qc7
15. Bxf6 Bxf6 16. Rxe8+ Rxe8 17. Qd2 Be5 18. Qg5 Bxh2+ 19. Kh1 Bf4 20. Qxc5
Bxg2+ 0-1

[Event "Let's Play Chess!"]
[Site "http://www.queenalice.com/game.php?id=1534660"]
[Date "2018.7.14"]
[Round "-"]
[White "korchnoi"]
[Black "Denker"]
[Result "0-1"]
[WhiteElo "1834"]
[BlackElo "1568"]

1. d4 f5 2. e3 Nc6 3. Nf3 e6 4. c4 Bb4+ 5. Bd2 Qe7 6. Nc3 Nf6 7. Be2 O-O 8. a3
Bxc3 9. Bxc3 Ne4 10. Qc2 Nxc3 11. Qxc3 b6 12. O-O Bb7 13. Rfd1 f4 14. e4 Na5 15.
b4 Nc6 16. e5 a5 17. b5 Na7 18. a4 c6 19. Qa3 Qf7 20. Qd6 cxb5 21. Qxb6 Rfb8 22.
Qxa5 bxc4 23. Qc3 Rc8 24. Bxc4 Bd5 25. Qd3 Bxc4 26. Qb1 Qg6 27. Qb2 Bd5 28. Rd3
Qxd3 0-1

[Event "Let's Play Chess!"]
[Site "http://www.queenalice.com/game.php?id=1537579"]
[Date "2018.8.5"]
[Round "-"]
[White "george941"]
[Black "Denker"]
[Result "0-1"]
[WhiteElo "1769"]
[BlackElo "1610"]

1. e4 e5 2. Nf3 Nc6 3. Bc4 Nf6 4. Ng5 d5 5. exd5 Nxd5 6. Nxf7 Kxf7 7. Qf3+ Ke6
8. Nc3 Nb4 9. O-O c6 10. d4 Nxc2 11. Qe4 Nxa1 12. Qxe5+ Kf7 13. Nxd5 cxd5 14.
Bxd5+ Kg6 15. Qe4+ Bf5 16. Qe5 Bd6 17. Bf7+ Kxf7 18. Qxf5+ Qf6 19. Qd5+ Qe6 20.
Qxe6+ Kxe6 21. Be3 Nc2 22. Rc1 Nxe3 23. fxe3 Rac8 0-1

[Event "Let's Play G-8"]
[Site "http://www.queenalice.com/game.php?id=1554860"]
[Date "2019.1.2"]
[Round "-"]
[White "Denker"]
[Black "Rider"]
[Result "1-0"]
[WhiteElo "1621"]
[BlackElo "1656"]

1. e4 e5 2. Nf3 Nc6 3. Nc3 Bc5 4. Bc4 Qf6 5. d3 h6 6. Nd5 Qd6 7. O-O f6 8. Re1
Nge7 9. Be3 Nxd5 10. exd5 Bxe3 11. Rxe3 Ne7 12. d4 Ng6 13. dxe5 fxe5 14. Nxe5
Nxe5 15. f4 Qb6 16. Qe2 d6 17. fxe5 Kd7 18. e6+ Ke7 19. Rf1 Rf8 20. Rxf8 Kxf8
21. Qf3+ Kg8 22. Qf7+ Kh8 23. Kf2 Qd4 24. Bb3 c6 25. Qf8+ Kh7 26. c3 Qh4+ 27.
Rg3 Qf6+ 28. Rf3 Qh4+ 29. Kf1 Qxh2 30. Bc2+ g6 31. Rf7# 1-0

[Event "Let's Play 327"]
[Site "http://www.queenalice.com/game.php?id=1556123"]
[Date "2019.1.11"]
[Round "-"]
[White "digger"]
[Black "Denker"]
[Result "0-1"]
[WhiteElo "1559"]
[BlackElo "1679"]

1. e4 c5 2. c3 Nc6 3. d4 cxd4 4. cxd4 e5 5. d5 Nd4 6. Bc4 Qh4 7. Be3 Bb4+ 8. Nc3
Qxe4 9. Kf1 Bxc3 10. bxc3 Nf5 11. Bd3 Nxe3+ 12. fxe3 Qxe3 13. Be2 Qxc3 14. Rc1
Qb2 15. Rc2 Qb6 16. Qc1 Ne7 17. Rd2 O-O 18. d6 Nf5 19. Qa3 Ne3+ 20. Ke1 Nxg2+
21. Kf1 Ne3+ 22. Ke1 Qc6 23. Bf3 Nc2+ 24. Rxc2 Qxc2 25. Ne2 f5 26. Kf2 e4 27.
Bg2 Rf6 28. Rc1 Qd3 29. Qxd3 exd3 30. Nf4 Rxd6 31. Rd1 g5 32. Nxd3 Rh6 33. Kg1
Rb8 34. Nb4 d6 35. Nd5 Be6 36. Nc7 Bxa2 37. Nb5 Bb3 38. Rd3 Bc4 39. Rf3 Bxb5 40.
Rxf5 Bc6 41. Bxc6 bxc6 42. Kg2 Rb2+ 43. Kg3 Rg6 44. h3 d5 45. Rf3 Ra2 46. Kg4 a5
47. Kf5 Kg7 48. Ke5 h5 49. Kd4 g4 50. hxg4 Rxg4+ 51. Kc5 Rc4+ 52. Kb6 h4 53. Kc7
a4 54. Kb6 c5 55. Kc6 d4 56. Kd5 Rc3 57. Rf4 h3 58. Rg4+ Kf6 59. Rh4 h2 60. Kd6
Rc1 61. Rh6+ Kg5 62. Rh8 h1=Q 63. Rxh1 Rxh1 64. Kxc5 d3 65. Kd5 d2 66. Kc4 d1=Q
67. Kb4 Rh4+ 68. Kc5 Rc2+ 69. Kb5 Qd5+ 70. Kb6 Rb4+ 71. Ka6 Qb7+ 72. Ka5 Rc5#
0-1

[Event "Let's Play Chess!"]
[Site "http://www.queenalice.com/game.php?id=1556240"]
[Date "2019.1.11"]
[Round "-"]
[White "Denker"]
[Black "askasl159"]
[Result "1-0"]
[WhiteElo "1658"]
[BlackElo "1650"]

1. e4 e5 2. Nf3 Nc6 3. Nc3 Nf6 4. Bc4 Bc5 5. O-O h6 6. Nd5 O-O 7. d3 d6 8. Qe2
Nd4 9. Nxd4 Bxd4 10. Nxf6+ Qxf6 11. c3 Bb6 12. Be3 Bxe3 13. fxe3 Qe7 14. d4 exd4
15. exd4 Be6 16. Bd3 c5 17. d5 Bd7 18. Rae1 a6 19. c4 b5 20. Qh5 bxc4 21. Bxc4
Bb5 22. Bxb5 axb5 23. a3 Ra4 24. Rf3 b4 25. Rg3 Qf6 26. axb4 Rxb4 27. b3 g5 28.
h4 Qg6 29. Qxg6+ fxg6 30. hxg5 hxg5 31. Rxg5 Kg7 32. Re3 Kf6 33. Rgg3 Re8 34.
Rg4 g5 35. Kf2 Kg6 36. Reg3 Re5 37. Re3 Kh5 38. Kf3 c4 39. bxc4 Rxc4 40. Rg3 Re7
41. Re2 Rf7+ 42. Ke3 g4 43. Kd3 Kh4 44. Rxg4+ Kxg4 45. Kxc4 Kf4 46. Rf2+ 1-0

[Event "Let's Play Chess!"]
[Site "http://www.queenalice.com/game.php?id=1557673"]
[Date "2019.1.22"]
[Round "-"]
[White "igorjava"]
[Black "Denker"]
[Result "1-0"]
[WhiteElo "1971"]
[BlackElo "1675"]

1. e4 c5 2. Nf3 Nc6 3. d4 cxd4 4. Nxd4 Nxd4 5. Qxd4 d6 6. Bc4 e6 7. O-O Nf6 8.
a3 g6 9. Bg5 Bg7 10. Nc3 e5 11. Qd2 O-O 12. Nd5 Be6 13. Ba2 Bxd5 14. Bxd5 Qc7
15. c4 Nxd5 16. cxd5 f5 17. Rac1 Qd7 18. f3 f4 19. Rc3 Rac8 20. Rfc1 h6 21. Bh4
g5 22. Be1 Rxc3 23. Rxc3 Rc8 24. Qc2 Rxc3 25. Qxc3 g4 26. Qd3 gxf3 27. Qxf3 Qb5
28. Bc3 Qb3 29. g3 fxg3 30. hxg3 Qb6+ 31. Kg2 Qc7 32. Qf5 Qf7 33. g4 Qxf5 34.
exf5 Kf7 35. Kg3 Kf6 36. Kh4 b5 37. Kh5 Kf7 38. b3 a6 39. Bb4 Ke7 40. Bd2 Kf7
41. Bxh6 Bxh6 42. Kxh6 Kf6 43. Kh5 e4 44. Kh4 e3 45. Kg3 e2 46. Kf2 e1=Q+ 47.
Kxe1 Kg5 48. Ke2 Kxg4 49. f6 Kf5 50. f7 1-0

[Event "Let´s have a tea"]
[Site "http://www.queenalice.com/game.php?id=1560109"]
[Date "2019.2.7"]
[Round "-"]
[White "sasquatico"]
[Black "Denker"]
[Result "1-0"]
[WhiteElo "1802"]
[BlackElo "1630"]

1. d4 f5 2. c4 Nf6 3. Nc3 d5 4. cxd5 Nxd5 5. Nxd5 Qxd5 6. Nf3 Nc6 7. a3 g6 8.
Bf4 Bg7 9. e3 O-O 10. Be2 e5 11. dxe5 Nxe5 12. Qxd5+ 1-0

[Event "Let's have another tea"]
[Site "http://www.queenalice.com/game.php?id=1560110"]
[Date "2019.2.7"]
[Round "-"]
[White "Denker"]
[Black "sasquatico"]
[Result "0-1"]
[WhiteElo "1638"]
[BlackElo "1841"]

1. e4 e5 2. Nf3 Nc6 3. Nc3 d6 4. Bc4 h6 5. O-O Nf6 6. d4 Bg4 7. dxe5 Nxe5 8. Be2
Be7 9. Nxe5 Bxe2 10. Qxe2 dxe5 11. Be3 O-O 12. Rad1 Qc8 13. f4 Bd6 14. fxe5 Bxe5
15. Nd5 Nxd5 16. Rxd5 Qe6 17. Bd4 Bxd4+ 18. Rxd4 f6 19. Qc4 Qxc4 20. Rxc4 c6 21.
Rd1 Rf7 22. Rcd4 Raf8 23. Rd7 Rxd7 24. Rxd7 Rf7 25. Rd8+ Kh7 26. Kf2 Re7 27. Kf3
Kg6 28. Kf4 Re5 29. Rd7 Rb5 30. b3 a5 31. c4 Rb4 32. e5 fxe5+ 33. Kxe5 b5 34.
cxb5 cxb5 35. Kd5 a4 36. bxa4 Rxa4 37. Rb7 Rxa2 38. Rxb5 Rxg2 39. h4 Kh5 40. Rb7
Kxh4 0-1

[Event "Let´s have a tea!"]
[Site "http://www.queenalice.com/game.php?id=1562461"]
[Date "2019.2.27"]
[Round "-"]
[White "chessplayer123"]
[Black "Denker"]
[Result "0-1"]
[WhiteElo "1798"]
[BlackElo "1674"]

1. d4 f5 2. e3 Nf6 3. Nf3 g6 4. Nc3 Bg7 5. Bd3 d5 6. Ne5 Nc6 7. f4 Nxe5 8. fxe5
Nd7 9. Nxd5 c6 10. Nf4 Nb6 11. Bd2 O-O 12. Bc3 Nd5 13. Nxd5 cxd5 14. Bb5 Qb6 15.
Ba4 Be6 16. Bb3 Bh6 17. Qe2 f4 18. O-O-O fxe3 19. Kb1 Rf2 20. Qd3 Bf5 21. Bxd5+
e6 22. Bxe6+ Qxe6 23. Qb5 Bxc2+ 24. Ka1 Bxd1 25. Rxd1 e2 26. Rb1 Qc6 27. Qb3+
Kf8 28. d5 Qb6 29. Bb4+ Ke8 30. d6 Kd7 31. e6+ Ke8 32. Qa4+ Qc6 33. d7+ Kd8 34.
Ba5+ Ke7 35. Qh4+ Rf6 36. Bb4+ Kxe6 37. Qg4+ Rf5 38. Qxe2+ Re5 39. Qg4+ Rf5 40.
Rd1 Rd8 41. a3 Rxd7 42. Re1+ Kf7 43. Qh3 Rh5 44. Qb3+ Kf6 45. Rf1+ Rf5 46. Re1
Bd2 47. Re8 Bxb4 48. Qg8 Rg7 49. Qh8 Rf1+ 50. Ka2 Qc4+ 51. b3 Qc2# 0-1

[Event "another tea!"]
[Site "http://www.queenalice.com/game.php?id=1562462"]
[Date "2019.2.27"]
[Round "-"]
[White "Denker"]
[Black "chessplayer123"]
[Result "1-0"]
[WhiteElo "1630"]
[BlackElo "1932"]

1. e4 e5 2. Nf3 d6 3. Nc3 Nc6 4. d4 exd4 5. Nxd4 Nxd4 6. Qxd4 Nf6 7. Bg5 Be7 8.
O-O-O O-O 9. Re1 Be6 10. Bc4 c5 11. Qd3 Bxc4 12. Qxc4 a6 13. e5 dxe5 14. Rxe5 b5
15. Qe2 Ra7 16. Bxf6 Bxf6 17. Rxc5 b4 18. Ne4 a5 19. Rd1 Qb6 20. Rd6 Qb8 21.
Nxf6+ gxf6 22. Rcd5 Qc8 23. Rxf6 Rc7 24. Rxa5 Re8 25. Qd3 Rd7 26. Rd5 Rxd5 27.
Qxd5 Re7 28. Rd6 Qg4 29. Rd8+ Kg7 30. Qd4+ Qxd4 31. Rxd4 Re2 32. Rf4 1-0

[Event "Let's Play Chess!"]
[Site "http://www.queenalice.com/game.php?id=1563213"]
[Date "2019.3.5"]
[Round "-"]
[White "igorjava"]
[Black "Denker"]
[Result "1/2-1/2"]
[WhiteElo "2054"]
[BlackElo "1671"]

1. e4 c5 2. Nf3 Nc6 3. d4 cxd4 4. Nxd4 Nxd4 5. Qxd4 d6 6. c4 Nf6 7. Nc3 e5 8.
Qd1 Be7 9. Be2 O-O 10. O-O Be6 11. Kh1 Rc8 12. h3 Bxc4 13. Bxc4 Rxc4 14. f3 Qc7
15. Be3 Rd8 16. Rc1 b6 17. Nd5 Nxd5 18. Qxd5 Rc2 19. Qb3 Rc8 20. Rxc2 Qxc2 21.
Qxc2 Rxc2 22. Rf2 Rxf2 23. Bxf2 f6 24. g4 Kf7 25. Kg2 Ke6 26. b3 d5 27. Kg3 dxe4
28. fxe4 g6 29. Kf3 f5 30. Be3 fxe4+ 31. Kxe4 h5 32. Bf2 hxg4 33. hxg4 Bg5 34.
Bg3 Bf6 35. Be1 Bg7 36. Bh4 Bh6 37. Bg3 Bg7 38. Bh4 Bf6 39. g5 Be7 40. a4 a5 41.
Bf2 Bc5 42. Bg3 Bd6 43. Be1 Bc5 44. Bc3 Bd6 45. Bd2 Be7 46. Be3 Bd8 47. Bd2 Kd6
48. Be3 Bc7 49. Bf2 Kc6 50. Bg1 b5 51. Bf2 bxa4 52. bxa4 Kd6 53. Bg3 Ke6 54. Be1
Kf7 55. Bc3 Ke6 56. Bd2 Ke7 57. Bc3 Ke6 58. Bd2 Ke7 59. Bc3 Ke6 60. Bd2 1/2-1/2

[Event "Wonpikins King"]
[Site "http://www.queenalice.com/game.php?id=1566971"]
[Date "2019.4.12"]
[Round "-"]
[White "Denker"]
[Black "zubarev"]
[Result "0-1"]
[WhiteElo "1695"]
[BlackElo "1605"]

1. e4 e5 2. Nf3 Nc6 3. Nc3 d6 4. Bc4 Be6 5. Bxe6 fxe6 6. d4 exd4 7. Nxd4 Qd7 8.
Nxc6 Qxc6 9. O-O Nf6 10. Re1 Be7 11. e5 Nd5 12. Nxd5 exd5 13. exd6 Qxd6 14. Bg5
O-O 15. Bxe7 Kh8 16. Bxd6 Rad8 17. Bxf8 Rxf8 18. Qxd5 c6 19. Qd7 h6 0-1

[Event "Let's Play Chess!"]
[Site "http://www.queenalice.com/game.php?id=1567328"]
[Date "2019.4.12"]
[Round "-"]
[White "igorjava"]
[Black "Denker"]
[Result "1-0"]
[WhiteElo "1986"]
[BlackElo "1681"]

1. e4 c5 2. Nf3 Nc6 3. d4 cxd4 4. Nxd4 Nf6 5. Nc3 e5 6. Nf3 Bb4 7. Bg5 O-O 8.
Qd3 Qa5 9. Bxf6 gxf6 10. Be2 Rd8 11. O-O Bxc3 12. Qxc3 Qxc3 13. bxc3 d5 14. Bd3
dxe4 15. Bxe4 f5 16. Bxc6 bxc6 17. Nxe5 Bb7 18. Rfd1 Rd5 19. Nd3 Rad8 20. Rab1
Ba8 21. Kf1 Kg7 22. Rb4 c5 23. Rc4 Rc8 24. f3 a5 25. Rb1 h6 26. Rb5 a4 27. Rcxc5
1-0

[Event "Let's Play Chess!"]
[Site "http://www.queenalice.com/game.php?id=1567885"]
[Date "2019.4.16"]
[Round "-"]
[White "ariberi"]
[Black "Denker"]
[Result "0-1"]
[WhiteElo "1509"]
[BlackElo "1671"]

1. e4 c5 2. c4 Nc6 3. Nf3 e5 4. Nc3 Nf6 5. d3 g6 6. Be2 Bg7 7. O-O O-O 8. a3 a6
9. Be3 Qe7 10. Nd5 Nxd5 11. cxd5 Nd4 12. Ng5 f5 13. h4 fxe4 14. dxe4 h6 15. Nf3
Nxf3+ 16. Bxf3 Qxh4 17. Bxc5 Rf7 18. Qb3 Bf8 19. g3 Qf6 20. Rac1 Qxf3 21. Rc3
Qf6 22. d6 Bxd6 23. Qc2 Bxc5 24. Rxc5 Rf8 25. f4 exf4 26. gxf4 d6 27. e5 dxe5
28. Rxe5 b5 29. b4 Bb7 30. Qb3+ Qf7 31. Qxf7+ Rxf7 32. f5 gxf5 33. Rexf5 Rxf5
34. Rxf5 Rf8 35. Re5 Kg7 36. Kh2 Kg6 37. Re7 Bc8 38. Re1 Rf3 39. Rg1+ Kh5 40.
Ra1 Kg5 41. a4 Rb3 42. Rg1+ Bg4 43. Rd1 Bxd1 44. axb5 axb5 45. Kg2 Rxb4 46. Kg3
h5 47. Kf2 h4 48. Kg2 Rb3 49. Kg1 Kg4 50. Kh2 Rh3+ 51. Kg2 b4 52. Kf2 b3 53. Ke1
Rh1+ 54. Kd2 Bc2 55. Kc3 h3 56. Kb2 Rb1+ 57. Kc3 h2 58. Kd4 h1=Q 59. Ke5 Qe4+
60. Kf6 Rf1+ 61. Kg7 Qh7# 0-1

[Event "Let's Play Chess!"]
[Site "http://www.queenalice.com/game.php?id=1567886"]
[Date "2019.4.16"]
[Round "-"]
[White "Denker"]
[Black "E5150"]
[Result "0-1"]
[WhiteElo "1695"]
[BlackElo "1481"]

1. e4 c5 2. Nf3 e6 3. Nc3 Nf6 4. d4 d5 5. e5 Ne4 6. Nxe4 dxe4 7. Ng5 cxd4 8.
Nxe4 Qa5+ 9. Qd2 Qxe5 10. Qe2 a6 11. g3 Bb4+ 12. c3 dxc3 13. f4 cxb2+ 0-1

[Event "Let's Play 368"]
[Site "http://www.queenalice.com/game.php?id=1568619"]
[Date "2019.5.3"]
[Round "-"]
[White "digger"]
[Black "Denker"]
[Result "1-0"]
[WhiteElo "1556"]
[BlackElo "1690"]

1. e4 e5 2. Nf3 Nc6 3. Bb5 Nf6 4. Bxc6 bxc6 5. Nxe5 Qe7 6. O-O Qxe5 7. d3 Bb7 8.
Qf3 O-O-O 9. c3 Ba6 10. c4 Bc5 11. Nc3 d5 12. exd5 cxd5 13. cxd5 Nxd5 14. Bd2
Bb7 15. Nxd5 Rxd5 16. Bc3 Bd4 17. Bxd4 Rxd4 18. Rae1 Qxe1 19. Qf5+ Qe6 20. Qg5
Bxg2 21. Qxg2 Qd5 22. Qxg7 Rd8 23. Qxh7 Rxd3 24. b3 Rd2 25. Qh3+ Rd7 26. Re1 Kd8
27. Qh8# 1-0

[Event "Let's Play Chess!"]
[Site "http://www.queenalice.com/game.php?id=1569672"]
[Date "2019.5.3"]
[Round "-"]
[White "Denker"]
[Black "chikalas"]
[Result "1-0"]
[WhiteElo "1669"]
[BlackElo "1210"]

1. e4 e6 2. Nf3 d6 3. Nc3 a6 4. d4 Nf6 5. Bg5 Be7 6. Bc4 b5 7. Bb3 h6 8. Bf4 O-O
9. O-O Bb7 10. e5 dxe5 11. Nxe5 Bd6 12. Nd3 b4 13. Na4 Nd5 14. Qg4 Bxf4 15. Nxf4
Nxf4 16. Qxf4 Bc6 17. Rad1 Bxa4 18. Bxa4 g5 19. Qe4 Nd7 20. d5 e5 21. Bxd7 Qxd7
22. Qxe5 Rae8 23. Qf6 Qd6 24. Qf3 f5 25. Rfe1 Rxe1+ 26. Rxe1 g4 27. Qd3 a5 28.
Re6 Qf4 29. Qe3 Qc4 30. Qxh6 Qxd5 31. Qg6+ Kh8 32. Qh5+ Kg7 33. Rg6+ Kf7 34.
Rd6+ Ke7 35. Rxd5 Ke6 36. Qh6+ Kxd5 37. Qxf8 Ke4 38. h3 gxh3 39. gxh3 Kd4 40. h4
Kc4 41. h5 a4 42. h6 c5 43. h7 b3 44. cxb3+ axb3 45. axb3+ Kxb3 46. h8=Q 1-0

[Event "Let's Play Chess!"]
[Site "http://www.queenalice.com/game.php?id=1569673"]
[Date "2019.5.3"]
[Round "-"]
[White "chikalas"]
[Black "Denker"]
[Result "0-1"]
[WhiteElo "1078"]
[BlackElo "1677"]

1. e4 c5 2. Bb5 Nc6 3. Bxc6 bxc6 4. c4 Ba6 5. Nc3 d6 6. d3 Nf6 7. h3 g6 8. Nf3
Bg7 9. Be3 O-O 10. O-O d5 11. cxd5 cxd5 12. Bxc5 dxe4 13. Ng5 exd3 14. g4 d2 15.
Ne2 Qd5 16. Be3 Rfd8 17. f3 Qe5 18. Bxd2 Bxe2 19. Qxe2 Qxe2 20. Bc3 Qe3+ 21. Kg2
Qxg5 22. Bxf6 Qxf6 23. b4 Rd2+ 24. Kh1 Qb2 25. a3 Rh2+ 26. Kg1 Qg2# 0-1

[Event "Let's Play Chess!"]
[Site "http://www.queenalice.com/game.php?id=1634393"]
[Date "2020.11.28"]
[Round "-"]
[White "Denker"]
[Black "charles31"]
[Result "0-1"]
[WhiteElo "1685"]
[BlackElo "1707"]

1. e4 e5 2. Nf3 d6 3. Bc4 h6 4. Nc3 Nc6 5. O-O Nf6 6. d3 Bg4 7. h3 Bh5 8. g4 Bg6
9. h4 Nxg4 10. Ng5 hxg5 11. Bxg5 Qd7 12. f3 Nh6 13. f4 exf4 14. Rxf4 Be7 15. Qf1
Bxg5 16. hxg5 Ng8 17. Re1 O-O-O 18. Bxf7 Bxf7 19. Rxf7 Qg4+ 20. Qg2 Qxg2+ 21.
Kxg2 g6 22. Nd5 Rd7 0-1

[Event "Let's Play Chess!"]
[Site "http://www.queenalice.com/game.php?id=1634810"]
[Date "2020.11.30"]
[Round "-"]
[White "igorjava"]
[Black "Denker"]
[Result "1-0"]
[WhiteElo "1948"]
[BlackElo "1670"]

1. e4 c5 2. Nf3 d6 3. d4 cxd4 4. Nxd4 Nf6 5. Nc3 Nc6 6. Bb5 Bd7 7. O-O Qb6 8.
Nxc6 Bxc6 9. Bxc6+ Qxc6 10. f3 O-O-O 11. Be3 g6 12. Bxa7 b6 13. Qd4 e5 14. Qxb6
Qxb6+ 15. Bxb6 Re8 16. a4 Kd7 17. a5 Be7 18. Nd5 Nxd5 19. exd5 Rc8 20. Rfc1 Bd8
21. Bxd8 Rhxd8 22. b4 Rc4 23. c3 Rdc8 24. a6 Ra8 25. Kf2 Kc7 26. Ke3 Kb6 27. Kd3
Rc7 28. c4 Rxa6 29. Rxa6+ Kxa6 30. Ra1+ Kb6 31. Ra8 f5 32. Rb8+ Ka7 33. Rd8 Kb6
34. Rxd6+ 1-0